Recopilación de decretos con fuerza de ley

Guardat en:
Dades bibliogràfiques
Autor corporatiu: Contraloría General de la República (Autor)
Format: Llibre
Idioma:espanyol
Publicat: Santiago Nacional 1928
Matèries:
Etiquetes: Afegir etiqueta
Sense etiquetes, Sigues el primer a etiquetar aquest registre!

MARC

LEADER 00000nam a2200000 a 4500
001 UCR1613
003 CL-VaPUC
008 971219e19280000CL |||||||||||||||||spa|d
082 0 4 |a 348.022  |b CON  |2 21 
110 2 |a Contraloría General de la República  |e author  |9 398942 
245 1 0 |a Recopilación de decretos con fuerza de ley 
300 |a t 
942 |c BK 
945 |d 19971219 00:00:00  |a lriquelm 
260 |a Santiago  |b Nacional  |c 1928 
500 |a Dictados en virtud de las leyes 4.113 y 4.156 de 25 de Enero y 5 de Agosto de 1927 respectivamente 
500 |a t.1: Ministerios de Interior, Relaciones Exteriores y Hacienda 
500 |a Donación profesor Fernando Recio Olguín 
650 7 |a LEGISLACION  |2 CL-VaPUC  |9 398943 
650 7 |a DECRETO CON FUERZA DE LEY  |2 CL-VaPUC  |9 358086 
650 7 |a FUENTES  |2 CL-VaPUC  |9 255666 
650 7 |a DERECHO CHILENO  |2 CL-VaPUC  |9 398944 
651 7 |a CHILE  |2 CL-VaPUC  |9 398945 
583 |a last modification  |c 19971219 00:00:00  |k Rodrigo Vera 
999 |c 265014  |d 265012 
952 |0 0  |1 0  |4 0  |6 348_022000000000000_CON_1928  |7 0  |8 F  |9 295766  |a BIBDER  |b BIBDER  |d 2019-11-20  |h t.1  |i 1928813  |l 1  |o 348.022 CON 1928  |p 1928813  |r 2025-04-24  |s 2025-04-24  |w 2019-11-20  |y BK_F  |k DER 
952 |0 0  |1 0  |4 0  |6 348_022000000000000_CON_1928  |7 0  |8 X  |9 295767  |a BIBHIS  |b BIBHIS  |d 2019-11-20  |h t.1  |i 2129582  |l 1  |o 348.022 CON 1928  |p 2129582  |r 2025-04-29  |s 2025-04-29  |w 2019-11-20  |y BK_X  |k HIS